[Event "FB23 2324 SK 1980 Gernsheim - SV Stuttga"]
[Site "?"]
[Date "2023.12.10"]
[Round "3.5"]
[White "Klotz, Sonja"]
[Black "Mueller, Manon"]
[Result "1/2-1/2"]
[WhiteElo "1920"]
[BlackElo "1758"]
[PlyCount "98"]
[EventDate "2023.??.??"]
[SourceVersion "1"]
[SourceVersionDate "2023.02.20"]
[SourceQuality "1"]

1. e4 d5 2. exd5 Qxd5 3. Nc3 Qd6 4. d4 a6 5. Nf3 Bg4 6. Be2 Nf6 7. Be3 e6 8. Qd2 Be7 9. O-O-O Nd5 10. h3 Nxe3 11. Qxe3 Bxf3 12. Bxf3 c6 13. g3 Nd7 14. Rhe1 O-O 15. Bg2 Nb6 16. Ne4 Qc7 17. f4 Nc4 18. Qc3 Nd6 19. Nc5 Rad8 20. Qf3 Qb6 21. Re3 Nc4 22. Rb3 Qa5 23. Qc3 Bxc5 24. Qxc4 Bxd4 25. Rbd3 Bf6 26. c3 Rxd3 27. Rxd3 Rd8 28. Be4 g6 29. Rxd8+ Qxd8 30. Qd3 Qxd3 31. Bxd3 a5 32. a4 Be7 33. Kd2 Kg7 34. Ke3 Bc5+ 35. Ke4 Kf6 36. Bc4 h5 37. Be2 Bf2 38. Kf3 Bb6 39. Bc4 Bc7 40. Bd3 e5 41. fxe5+ Bxe5 42. Bc4 g5 43. Bd3 Bd6 44. Bc4 Bc7 45. Bd3 Ke5 46. g4 h4 47. Be4 Bd6 48. Bd3 Kd5 49. b3 f6 1/2-1/2

[Event "FB23 2324 SK 1980 Gernsheim - SV Stuttga"]
[Site "?"]
[Date "2023.12.10"]
[Round "3.6"]
[White "Schardt, Madeleine"]
[Black "Lederer, Leia"]
[Result "1/2-1/2"]
[WhiteElo "1641"]
[BlackElo "1833"]
[PlyCount "86"]
[EventDate "2023.??.??"]
[SourceVersion "1"]
[SourceVersionDate "2023.02.20"]
[SourceQuality "1"]

1. d4 Nf6 2. Nf3 d5 3. c3 e6 4. Bf4 Be7 5. Nbd2 Nbd7 6. e3 a6 7. a4 b6 8. Bd3 Bb7 9. O-O c5 10. h3 c4 11. Bc2 b5 12. a5 b4 13. Ne5 O-O 14. Ndf3 b3 15. Bb1 Ne8 16. Nxd7 Qxd7 17. Ne5 Qd8 18. Qf3 Nd6 19. Re1 f5 20. Qh5 Nf7 21. g4 g6 22. Nxg6 hxg6 23. Qxg6+ Kh8 24. Qh5+ Kg7 25. gxf5 Rh8 26. Qg6+ Kf8 27. Kf1 Bg5 28. fxe6 Qf6 29. Qxf6 Bxf6 30. exf7 Kxf7 31. Bf5 Bc8 32. Bg4 Be6 33. Ke2 Rh4 34. f3 Re8 35. Rg1 Bd8 36. Be5 Bxg4 37. hxg4 Bf6 38. Bxf6 Rh2+ 39. Kf1 Kxf6 40. Rg2 Rh1+ 41. Rg1 Rh2 42. Rg2 Rh1+ 43. Rg1 Rh2 1/2-1/2

[Event "FB23 2324 FC Bayern München - SG Augsbu"]
[Site "?"]
[Date "2023.12.10"]
[Round "3.1"]
[White "Novkovic, Julia"]
[Black "Butenandt, Svenja"]
[Result "1/2-1/2"]
[WhiteElo "2092"]
[BlackElo "2226"]
[PlyCount "115"]
[EventDate "2023.??.??"]
[SourceVersion "1"]
[SourceVersionDate "2023.02.20"]
[SourceQuality "1"]

1. e4 c6 2. d3 d5 3. Nd2 e5 4. Ngf3 Bd6 5. g3 Nf6 6. Bg2 O-O 7. O-O Nbd7 8. Re1 Re8 9. Nh4 g6 10. Nb3 a5 11. a4 Qc7 12. Bh6 Bf8 13. Be3 Nb6 14. Bd2 dxe4 15. dxe4 Nc4 16. Bc3 Be6 17. Bf1 Bb4 18. Bxb4 axb4 19. Nc5 Bg4 20. Qc1 Nd6 21. f3 Qb6 22. Qe3 Bxf3 23. Nxf3 Ng4 24. Nd7 Qxe3+ 25. Rxe3 Nxe3 26. Nf6+ Kg7 27. Nxe8+ Rxe8 28. Bd3 Ng4 29. a5 Nf6 30. a6 bxa6 31. Rxa6 Ndxe4 32. Rxc6 Nxg3 33. hxg3 e4 34. Bxe4 Rxe4 35. Rc7 Re3 36. Kg2 Ng4 37. Nd4 Re4 38. Rc4 Ne3+ 39. Kf3 Nxc4 40. Kxe4 Nxb2 41. Nc6 f5+ 42. Kd4 Kf6 43. Nxb4 Kg5 44. Nd5 Kg4 45. Nf6+ Kxg3 46. Nxh7 f4 47. Ke5 Nc4+ 48. Kf6 Ne3 49. Kxg6 Nxc2 50. Ng5 Nd4 51. Kh5 Nc6 52. Ne4+ Kg2 53. Nd2 Ne5 54. Kg5 Nd3 55. Kg4 Kf2 56. Nf3 Ke3 57. Nh4 Ne5+ 58. Kf5 1/2-1/2

[Event "FB23 2324 FC Bayern München - SG Augsbu"]
[Site "?"]
[Date "2023.12.10"]
[Round "3.2"]
[White "Khrapko, Marharyta"]
[Black "Braun, Kristin"]
[Result "1-0"]
[WhiteElo "2233"]
[BlackElo "1917"]
[PlyCount "57"]
[EventDate "2023.??.??"]
[SourceVersion "1"]
[SourceVersionDate "2023.02.20"]
[SourceQuality "1"]

1. e4 c5 2. Nf3 d6 3. d4 cxd4 4. Nxd4 Nf6 5. Nc3 g6 6. f3 Bg7 7. Be3 O-O 8. Qd2 Nc6 9. O-O-O d5 10. exd5 Nxd5 11. Nxc6 bxc6 12. Bd4 e5 13. Bc5 Re8 14. Ne4 Qc7 15. Bc4 Be6 16. h4 Rad8 17. Bb3 Bf5 18. h5 a5 19. g4 Bxe4 20. fxe4 Nf6 21. hxg6 hxg6 22. Qe2 Rxd1+ 23. Rxd1 Bh6+ 24. Kb1 Rd8 25. Rh1 Qd7 26. Bb6 Qd2 27. Qf3 Rd6 28. a3 Bg7 29. Be3 1-0

[Event "FB23 2324 FC Bayern München - SG Augsbu"]
[Site "?"]
[Date "2023.12.10"]
[Round "3.3"]
[White "Kosc, Renata"]
[Black "Exler, Veronika"]
[Result "0-1"]
[WhiteElo "1994"]
[BlackElo "2151"]
[PlyCount "76"]
[EventDate "2023.??.??"]
[SourceVersion "1"]
[SourceVersionDate "2023.02.20"]
[SourceQuality "1"]

1. e4 c6 2. d4 d5 3. Nc3 dxe4 4. Nxe4 Bf5 5. Ng3 Bg6 6. Nf3 Nd7 7. h4 h6 8. h5 Bh7 9. Bd3 Bxd3 10. Qxd3 e6 11. Bd2 Ngf6 12. O-O-O Be7 13. Kb1 Qb6 14. c4 O-O 15. Qe2 Rfe8 16. Ne5 c5 17. Be3 Rad8 18. f4 cxd4 19. Bxd4 Bc5 20. Nxd7 Nxd7 21. Bxc5 Nxc5 22. Rxd8 Rxd8 23. Rd1 Qc7 24. Rxd8+ Qxd8 25. Nf1 Qd4 26. g3 Nd3 27. b3 a5 28. Qd2 b6 29. a3 a4 30. bxa4 Qxc4 31. Qc2 Qd4 32. Qd2 Qe4 33. Ka1 Qd4+ 34. Kb1 Qe4 35. Ka1 Nc5 36. Qd1 Nxa4 37. Qd2 Nc5 38. Ka2 Qc4+ 0-1

[Event "FB23 2324 FC Bayern München - SG Augsbu"]
[Site "?"]
[Date "2023.12.10"]
[Round "3.4"]
[White "Giss, Helene"]
[Black "Kurapova, Olga"]
[Result "1-0"]
[WhiteElo "2032"]
[BlackElo "1965"]
[PlyCount "57"]
[EventDate "2023.??.??"]
[SourceVersion "1"]
[SourceVersionDate "2023.02.20"]
[SourceQuality "1"]

1. e4 e5 2. Nf3 Nc6 3. d4 exd4 4. Nxd4 Nf6 5. Nc3 Bc5 6. Nxc6 bxc6 7. Bd3 a5 8. O-O O-O 9. Bg5 Be7 10. h3 Ba6 11. Re1 Bxd3 12. Qxd3 d5 13. exd5 h6 14. Bxf6 Bxf6 15. Rad1 cxd5 16. Nxd5 Bxb2 17. Qg3 Qg5 18. Qxc7 a4 19. Nb6 Rae8 20. Rxe8 Rxe8 21. Nxa4 Be5 22. Qc6 Rd8 23. Rxd8+ Qxd8 24. g3 Qd1+ 25. Kg2 g6 26. Qe8+ Kh7 27. Qxe5 Qxc2 28. Nc3 Qb2 29. a4 1-0

[Event "FB23 2324 FC Bayern München - SG Augsbu"]
[Site "?"]
[Date "2023.12.10"]
[Round "3.5"]
[White "Todorova, Kalina"]
[Black "Stangl, Anita"]
[Result "0-1"]
[WhiteElo "1791"]
[BlackElo "2051"]
[PlyCount "48"]
[EventDate "2023.??.??"]
[SourceVersion "1"]
[SourceVersionDate "2023.02.20"]
[SourceQuality "1"]

1. d4 e6 2. c4 d5 3. Nf3 c6 4. g3 dxc4 5. Bg2 b5 6. a4 Bb7 7. O-O Nf6 8. Ne5 Qb6 9. e4 a6 10. Nc3 Be7 11. d5 O-O 12. b3 Bb4 13. Be3 Qc7 14. dxc6 Bxc3 15. cxb7 Qxb7 16. Rb1 Bxe5 17. Bc5 Re8 18. f4 Qc7 19. Bf2 Rd8 20. Qc1 Bd4 21. bxc4 bxc4 22. Rd1 Bxf2+ 23. Kxf2 Qc5+ 24. Kf1 Nc6 0-1

[Event "FB23 2324 FC Bayern München - SG Augsbu"]
[Site "?"]
[Date "2023.12.10"]
[Round "3.6"]
[White "Dirmeier, Carolin"]
[Black "Nentwig, Nicole"]
[Result "1-0"]
[WhiteElo "1953"]
[BlackElo "1880"]
[PlyCount "65"]
[EventDate "2023.??.??"]
[SourceVersion "1"]
[SourceVersionDate "2023.02.20"]
[SourceQuality "1"]

1. e4 e5 2. Nf3 Nc6 3. d4 exd4 4. Nxd4 g6 5. Nc3 Bg7 6. Be3 Nge7 7. Qd2 d5 8. Nxc6 bxc6 9. Rd1 Be6 10. Bh6 O-O 11. h4 dxe4 12. Bxg7 Qxd2+ 13. Rxd2 Kxg7 14. Nxe4 Rad8 15. Bd3 Nf5 16. f3 h5 17. Kf2 Bd5 18. Nc3 Bc4 19. g4 Bxd3 20. Rxd3 Rxd3 21. cxd3 hxg4 22. fxg4 Nd4 23. Ke3 Nc2+ 24. Kf4 Rd8 25. h5 Rxd3 26. h6+ Kh7 27. Ne4 Nd4 28. Ng5+ Kh8 29. Nxf7+ Kh7 30. Ng5+ Kh8 31. h7 Ne2+ 32. Ke5 Rd5+ 33. Kf6 1-0

[Event "FB23 2324 SC NT Nürnberg - SC Bavaria R"]
[Site "?"]
[Date "2023.12.10"]
[Round "3.1"]
[White "Arnhold, Steffi"]
[Black "Hrebenshchykova, Yelyzaveta"]
[Result "1/2-1/2"]
[WhiteElo "2139"]
[BlackElo "2279"]
[PlyCount "92"]
[EventDate "2023.??.??"]
[SourceVersion "1"]
[SourceVersionDate "2023.02.20"]
[SourceQuality "1"]

1. e4 e5 2. Nf3 Nc6 3. Bc4 Nf6 4. d3 Be7 5. O-O O-O 6. Re1 d6 7. c3 Na5 8. Bb5 a6 9. Ba4 b5 10. Bc2 c5 11. Nbd2 Re8 12. Nf1 h6 13. Ng3 Bf8 14. h3 g6 15. Nh2 Bg7 16. Qf3 Be6 17. Ng4 Nxg4 18. hxg4 Qh4 19. Bd1 Rac8 20. Be3 Nc6 21. Be2 b4 22. c4 Rf8 23. Bd1 Rb8 24. Nf1 Ne7 25. Qg3 Qxg3 26. Nxg3 Kh7 27. g5 hxg5 28. Bxg5 f6 29. Bd2 Bh6 30. Bxh6 Kxh6 31. Ba4 Rh8 32. f3 f5 33. exf5 gxf5 34. Kf2 Ng6 35. Ne2 Kg5 36. Rh1 d5 37. cxd5 Bxd5 38. Bb3 Rxh1 39. Rxh1 Rd8 40. Bxd5 Rxd5 41. Ke3 Nf4 42. Nxf4 exf4+ 43. Ke2 Re5+ 44. Kd2 Rd5 45. Ke2 Re5+ 46. Kd2 Rd5 1/2-1/2

[Event "FB23 2324 SC NT Nürnberg - SC Bavaria R"]
[Site "?"]
[Date "2023.12.10"]
[Round "3.2"]
[White "Birkholz, Olga"]
[Black "Bardorz, Jana"]
[Result "1/2-1/2"]
[WhiteElo "1964"]
[BlackElo "2054"]
[PlyCount "43"]
[EventDate "2023.??.??"]
[SourceVersion "1"]
[SourceVersionDate "2023.02.20"]
[SourceQuality "1"]

1. Nf3 d5 2. d4 Nf6 3. c4 e6 4. Qb3 Be7 5. Nc3 O-O 6. Bg5 c6 7. e3 Nbd7 8. Rd1 h6 9. Bh4 Nh5 10. Bxe7 Qxe7 11. Be2 Nhf6 12. O-O Nb6 13. Rfe1 Rd8 14. a4 Nxc4 15. Bxc4 dxc4 16. Qxc4 a5 17. e4 Qb4 18. Qe2 Bd7 19. Ne5 Be8 20. Qe3 Rac8 21. Rd2 c5 22. d5 1/2-1/2

[Event "FB23 2324 SC NT Nürnberg - SC Bavaria R"]
[Site "?"]
[Date "2023.12.10"]
[Round "3.3"]
[White "Leuchsenring, Christina"]
[Black "Albayrak, Nese Pinar"]
[Result "0-1"]
[WhiteElo "1891"]
[BlackElo "1884"]
[PlyCount "106"]
[EventDate "2023.??.??"]
[SourceVersion "1"]
[SourceVersionDate "2023.02.20"]
[SourceQuality "1"]

1. e4 e5 2. Nf3 Nc6 3. d4 exd4 4. Nxd4 Bc5 5. Be3 Qf6 6. c3 Nge7 7. Qa4 Bb6 8. Nd2 Ne5 9. Be2 O-O 10. f4 Ng4 11. e5 Qh6 12. Bxg4 Qh4+ 13. g3 Qxg4 14. Qd1 Qg6 15. Qf3 d5 16. h3 c5 17. Ne2 Bd7 18. g4 f5 19. Rg1 Rad8 20. gxf5 Qxf5 21. Rg5 Qxg5 22. fxg5 Rxf3 23. Nxf3 Bxh3 24. b4 cxb4 25. Bxb6 axb6 26. cxb4 Rf8 27. Ned4 Nc6 28. Kd2 Rf4 29. Kc3 Bg4 30. b5 Nxd4 31. Nxd4 Re4 32. Rg1 Bd7 33. e6 Bxe6 34. Nxe6 Rxe6 35. Kd4 Re2 36. Kxd5 Rxa2 37. g6 Rb2 38. Kc4 Rc2+ 39. Kb4 Rc5 40. Rd1 hxg6 41. Rd6 Kh7 42. Rd7 g5 43. Rxb7 g4 44. Rxb6 g3 45. Rd6 Rc2 46. Rd1 Rb2+ 47. Kc5 Kh6 48. Rg1 g2 49. b6 Kh5 50. Kd5 Kh4 51. b7 Kg3 52. Kc6 Kf2 53. Rc1 g1=Q 0-1

[Event "FB23 2324 SC NT Nürnberg - SC Bavaria R"]
[Site "?"]
[Date "2023.12.10"]
[Round "3.4"]
[White "Albayrak, Berrak"]
[Black "Pavlov, Liliane"]
[Result "1/2-1/2"]
[WhiteElo "1683"]
[BlackElo "1768"]
[PlyCount "105"]
[EventDate "2023.??.??"]
[SourceVersion "1"]
[SourceVersionDate "2023.02.20"]
[SourceQuality "1"]

1. Nf3 d5 2. g3 Nc6 3. Bg2 e5 4. d3 f5 5. O-O Nf6 6. c4 d4 7. e3 dxe3 8. fxe3 Bc5 9. Nxe5 Nxe5 10. d4 Be7 11. dxe5 Qxd1 12. Rxd1 Ng4 13. Nc3 c6 14. Ne2 O-O 15. b3 Nxe5 16. Bb2 Ng4 17. Rd3 Re8 18. Bd4 Be6 19. Nf4 Bf7 20. Rad1 g5 21. h3 Nf6 22. Ne2 Bh5 23. R1d2 Ne4 24. Rc2 Bxe2 25. Rxe2 Nxg3 26. Rf2 Rad8 27. Rdd2 Bb4 28. Rc2 Be1 29. Rf3 f4 30. Bxa7 Rd1 31. Kh2 Nh5 32. exf4 gxf4 33. Bf2 Bb4 34. Bh4 Re3 35. Rcf2 Be1 36. Rf1 Rxf3 37. Bxf3 Bg3+ 38. Kg2 Rd2+ 39. Kg1 Bh2+ 40. Kh1 Ng3+ 41. Bxg3 Bxg3 42. Rd1 Rxd1+ 43. Bxd1 Kf7 44. Bf3 Ke6 45. b4 Ke5 46. b5 cxb5 47. cxb5 b6 48. Kg2 Kd4 49. Bc6 h5 50. Kf3 Kc4 51. Be8 h4 52. Bd7 Kb4 53. Be8 1/2-1/2

[Event "FB23 2324 SC NT Nürnberg - SC Bavaria R"]
[Site "?"]
[Date "2023.12.10"]
[Round "3.5"]
[White "Bauer, Laura Sophie"]
[Black "Braeuer, Vanessa"]
[Result "0-1"]
[WhiteElo "1878"]
[BlackElo "1857"]
[PlyCount "96"]
[EventDate "2023.??.??"]
[SourceVersion "1"]
[SourceVersionDate "2023.02.20"]
[SourceQuality "1"]

1. e4 c5 2. Nf3 g6 3. d4 cxd4 4. Nxd4 Bg7 5. c4 Nc6 6. Be3 Nf6 7. Nc3 O-O 8. Be2 a6 9. O-O d6 10. h3 Qc7 11. Qd2 Rd8 12. Rac1 Ne5 13. b3 e6 14. Bh6 Bh8 15. Kh1 Bd7 16. Qg5 Qb6 17. f4 Qxd4 18. fxe5 Qxe5 19. Qxe5 dxe5 20. Bg5 Nh5 21. Bxh5 f6 22. Bxf6 Bxf6 23. Bxg6 Bg5 24. Bf7+ Kg7 25. Rcd1 Bf4 26. Bh5 Bc6 27. Bg4 Bd2 28. Ne2 Bxe4 29. Bxe6 Bc2 30. Rf7+ Kg6 31. Rdf1 Bg5 32. Bd5 Bd3 33. R1f2 Rxd5 34. cxd5 Bxe2 35. Rxb7 Bb5 36. Rff7 Bf6 37. Rxh7 e4 38. Rhc7 e3 39. g3 Rd8 40. Rb6 Rxd5 41. Re6 e2 42. Kg2 Kf5 43. Re3 Bg5 44. Rf3+ Ke4 45. Kf2 Rd1 46. Re7+ Bxe7 47. Re3+ Kd4 48. Rxe7 Rf1+ 0-1

[Event "FB23 2324 SC NT Nürnberg - SC Bavaria R"]
[Site "?"]
[Date "2023.12.10"]
[Round "3.6"]
[White "Albayrak, Aylin"]
[Black "Reich, Elisabeth"]
[Result "1/2-1/2"]
[WhiteElo "1616"]
[BlackElo "1573"]
[PlyCount "78"]
[EventDate "2023.??.??"]
[SourceVersion "1"]
[SourceVersionDate "2023.02.20"]
[SourceQuality "1"]

1. d4 Nf6 2. c4 g6 3. Nc3 Bg7 4. e4 d6 5. Nf3 O-O 6. h3 c6 7. Be2 Qc7 8. Bf4 Nh5 9. Bh2 e5 10. d5 c5 11. O-O a6 12. a3 b6 13. b4 Nf4 14. Qc2 Nxe2+ 15. Nxe2 f5 16. Rac1 Bh6 17. Rb1 fxe4 18. Qxe4 Bf5 19. Qh4 Bxb1 20. Rxb1 Bg7 21. Ng5 Bf6 22. Qg4 Bxg5 23. Qxg5 Nd7 24. f4 Rae8 25. fxe5 Nxe5 26. Nf4 Qd7 27. Ne6 Rf5 28. Qh4 Qa4 29. Qh6 Qd7 30. bxc5 bxc5 31. Qh4 Rxe6 32. dxe6 Qxe6 33. Rb8+ Kg7 34. Rb7+ Nf7 35. Re7 Qf6 36. Qxf6+ Rxf6 37. Ra7 Re6 38. Rxa6 Re4 39. Bxd6 Nxd6 1/2-1/2

[Event "FB23 2324 SV 1920 Hofheim - TSV Schott "]
[Site "?"]
[Date "2023.12.10"]
[Round "3.1"]
[White "Krasnopeyeva, Julia"]
[Black "Kushka, Alena"]
[Result "1/2-1/2"]
[WhiteElo "1893"]
[BlackElo "2162"]
[PlyCount "103"]
[EventDate "2023.??.??"]
[SourceVersion "1"]
[SourceVersionDate "2023.02.20"]
[SourceQuality "1"]

1. e4 c5 2. Nf3 Nc6 3. d4 cxd4 4. Nxd4 g6 5. Nc3 Bg7 6. Be3 Nf6 7. Bc4 O-O 8. Bb3 Re8 9. f3 e6 10. Qd2 d5 11. O-O-O Na5 12. exd5 exd5 13. Rhe1 Be6 14. Bf4 a6 15. Kb1 Rc8 16. g4 Nc4 17. Qd3 b5 18. h4 Nd7 19. h5 Nc5 20. Qe2 g5 21. Bc1 b4 22. Bxc4 bxc3 23. Bb3 a5 24. a3 Nxb3 25. cxb3 Bd7 26. Qf2 Rxe1 27. Qxe1 Qb6 28. bxc3 Bxd4 29. Rxd4 Qxb3+ 30. Bb2 Re8 31. Qd2 f6 32. Qf2 Bb5 33. Rd2 Qc4 34. Rd4 Qc5 35. Qg3 Bc4 36. Rd2 Qe7 37. Qf2 Qe1+ 38. Kc2 Qxf2 39. Rxf2 Re2+ 40. Rxe2 Bxe2 41. c4 Kf7 42. f4 gxf4 43. cxd5 Bxg4 44. d6 f3 45. Bd4 Ke6 46. h6 Kxd6 47. Kd3 Kd5 48. Ba7 Bf5+ 49. Ke3 Be4 50. Bb6 a4 51. Kf2 Ke5 52. Bc5 1/2-1/2

[Event "FB23 2324 SV 1920 Hofheim - TSV Schott "]
[Site "?"]
[Date "2023.12.10"]
[Round "3.3"]
[White "Mader, Lena"]
[Black "Barpiyeva, Gulsana"]
[Result "1/2-1/2"]
[WhiteElo "1828"]
[BlackElo "2012"]
[PlyCount "92"]
[EventDate "2023.??.??"]
[SourceVersion "1"]
[SourceVersionDate "2023.02.20"]
[SourceQuality "1"]

1. c4 Nf6 2. g3 g6 3. Bg2 Bg7 4. Nf3 O-O 5. O-O c5 6. d4 cxd4 7. Nxd4 Nc6 8. e3 a6 9. Nc3 Ne5 10. b3 d6 11. h3 Bd7 12. Bb2 Rb8 13. Qe2 Qc8 14. Kh2 Nc6 15. Rac1 Re8 16. Rfd1 Nxd4 17. Rxd4 h5 18. Rdd1 Qd8 19. e4 Bh6 20. Rc2 Qa5 21. Nd5 Nxd5 22. Rxd5 b5 23. cxb5 Rxb5 24. Bc3 Qb6 25. Bd4 Qb8 26. Rxb5 Bxb5 27. Qd1 Rc8 28. Ba1 Bg7 29. Bxg7 Kxg7 30. Rxc8 Qxc8 31. Qd4+ f6 32. a4 Bd7 33. Qa7 Kf8 34. Bf1 h4 35. Qxa6 hxg3+ 36. Kxg3 Qc3+ 37. Qd3 Qe5+ 38. f4 Qc5 39. Bg2 Be6 40. Kh2 Qb4 41. Qg3 Kf7 42. f5 gxf5 43. Qh4 Kg7 44. Qg3+ Kf7 45. Qh4 Kg7 46. Qg3+ Kf7 1/2-1/2

[Event "FB23 2324 SV 1920 Hofheim - TSV Schott "]
[Site "?"]
[Date "2023.12.10"]
[Round "3.4"]
[White "Froehlich-Dill, Astrid"]
[Black "Katte, Isabel"]
[Result "0-1"]
[WhiteElo "1785"]
[BlackElo "1891"]
[PlyCount "60"]
[EventDate "2023.??.??"]
[SourceVersion "1"]
[SourceVersionDate "2023.02.20"]
[SourceQuality "1"]

1. d4 e6 2. c4 b6 3. Nf3 Bb7 4. Nc3 f5 5. Bf4 Nf6 6. e3 Bb4 7. Bd3 Bxc3+ 8. bxc3 Ne4 9. Bxe4 fxe4 10. Bg5 Qc8 11. Ne5 O-O 12. Qg4 Rf5 13. Qh4 d6 14. Ng4 Qe8 15. h3 Qg6 16. Bf4 Nd7 17. Qe7 Bc6 18. O-O Re8 19. Qh4 Rh5 20. Qg3 e5 21. Bxe5 dxe5 22. d5 Bb7 23. Qh2 Rf5 24. f4 exf3 25. g3 Ba6 26. e4 Rf7 27. Ne3 Qxe4 28. Qf2 Nc5 29. Rad1 Bxc4 30. Nxc4 Qxc4 0-1

[Event "FB23 2324 SV 1920 Hofheim - TSV Schott "]
[Site "?"]
[Date "2023.12.10"]
[Round "3.5"]
[White "Zemke, Christine"]
[Black "Zahn, Nicol"]
[Result "1/2-1/2"]
[WhiteElo "1704"]
[BlackElo "1844"]
[PlyCount "43"]
[EventDate "2023.??.??"]
[SourceVersion "1"]
[SourceVersionDate "2023.02.20"]
[SourceQuality "1"]

1. d4 f5 2. e3 Nf6 3. Bd3 e6 4. Nd2 d5 5. c3 c5 6. f4 c4 7. Bc2 b5 8. Ngf3 Nc6 9. Ne5 Nxe5 10. fxe5 Ng4 11. Nf3 Be7 12. O-O O-O 13. Qe2 a5 14. h3 Nh6 15. Nh2 Nf7 16. Bd2 Bd7 17. Kh1 Ng5 18. h4 Ne4 19. Bxe4 fxe4 20. Rxf8+ Bxf8 21. Qg4 Ra7 22. Rf1 1/2-1/2

[Event "FB23 2324 SG Augsburg 1873 - SV Stuttgar"]
[Site "?"]
[Date "2024.01.20"]
[Round "4.1"]
[White "Li, Zhuoling"]
[Black "Braun, Kristin"]
[Result "1-0"]
[WhiteElo "2222"]
[BlackElo "1914"]
[PlyCount "147"]
[EventDate "2024.??.??"]
[SourceVersion "1"]
[SourceVersionDate "2023.02.20"]
[SourceQuality "1"]

1. e4 c5 2. Nf3 d6 3. d4 cxd4 4. Nxd4 Nf6 5. Nc3 g6 6. Be3 Bg7 7. f3 O-O 8. Bc4 Nc6 9. Qd2 Nxd4 10. Bxd4 Be6 11. Bxe6 fxe6 12. O-O-O Qa5 13. Kb1 Rac8 14. Qd3 Nd7 15. Qb5 Qc7 16. Bxg7 Kxg7 17. h4 h6 18. h5 g5 19. Qb3 Rf6 20. Ne2 Qc4 21. Qxc4 Rxc4 22. b3 Rc8 23. Nd4 Ne5 24. c4 Nc6 25. Nxc6 Rxc6 26. e5 Rf5 27. Rhe1 Kf7 28. exd6 exd6 29. Re4 Rf4 30. Rde1 Rxe4 31. Rxe4 Kf6 32. Kb2 d5 33. cxd5 exd5 34. Re8 Rd6 35. Kc3 Kf5 36. g3 b5 37. Kd4 Ra6 38. Kxd5 Kf6 39. Re2 Rb6 40. Rc2 Rb7 41. Rc6+ Kg7 42. Kd6 Kf6 43. Kd5+ Kg7 44. Ke5 b4 45. Ra6 Re7+ 46. Kf5 Rc7 47. f4 gxf4 48. gxf4 Rb7 49. Ke6 Rf7 50. Ke5 Re7+ 51. Re6 Rc7 52. Kd6 Rc2 53. Re7+ Kf6 54. Rxa7 Kf5 55. Ra4 Kg4 56. Ke5 Kxh5 57. Rxb4 Rxa2 58. Rb6 Rb2 59. Kf5 Rb1 60. b4 Rb2 61. b5 Rb1 62. Rb8 Kh4 63. Kg6 h5 64. f5 Rg1+ 65. Kf7 Rb1 66. f6 Kh3 67. Kg6 Rg1+ 68. Kxh5 Rf1 69. Kg6 Rg1+ 70. Kh6 Rf1 71. Kg7 Rg1+ 72. Kf8 Kg4 73. f7 Kf5 74. Ke7 1-0

[Event "FB23 2324 SG Augsburg 1873 - SV Stuttgar"]
[Site "?"]
[Date "2024.01.20"]
[Round "4.3"]
[White "Siegl, Melina"]
[Black "Kosc, Renata"]
[Result "1/2-1/2"]
[WhiteElo "1967"]
[BlackElo "1988"]
[PlyCount "34"]
[EventDate "2024.??.??"]
[SourceVersion "1"]
[SourceVersionDate "2023.02.20"]
[SourceQuality "1"]

1. e4 c5 2. Nf3 e6 3. d4 cxd4 4. Nxd4 Nc6 5. Nc3 Qc7 6. Be2 Nf6 7. O-O a6 8. a3 Be7 9. Be3 d6 10. Kh1 Bd7 11. f4 O-O 12. Qe1 Rfe8 13. Qg3 d5 14. Nxc6 Qxc6 15. exd5 exd5 16. Bd4 Bf5 17. Bf3 Be4 1/2-1/2

[Event "FB23 2324 SG Augsburg 1873 - SV Stuttgar"]
[Site "?"]
[Date "2024.01.20"]
[Round "4.5"]
[White "Klotz, Sonja"]
[Black "Nentwig, Nicole"]
[Result "1/2-1/2"]
[WhiteElo "1916"]
[BlackElo "1872"]
[PlyCount "134"]
[EventDate "2024.??.??"]
[SourceVersion "1"]
[SourceVersionDate "2023.02.20"]
[SourceQuality "1"]

1. e4 e5 2. Nf3 Nc6 3. Bb5 a6 4. Ba4 Nf6 5. O-O d6 6. Re1 b5 7. Bb3 Bg4 8. c3 Na5 9. Bc2 c5 10. d3 Be7 11. Nbd2 O-O 12. h3 Bh5 13. Nf1 Bg6 14. Ng3 Qd7 15. d4 Nc6 16. Be3 Rad8 17. Qe2 Rfe8 18. a4 c4 19. Red1 Qc7 20. d5 Na5 21. Ra3 Rb8 22. axb5 Rxb5 23. Ba4 Nxe4 24. Bxb5 Nxg3 25. fxg3 axb5 26. Qf2 Nb3 27. Nd2 Bc2 28. Rf1 Bf6 29. Ra7 Qc8 30. Nxb3 cxb3 31. g4 Bg6 32. g5 Be7 33. Qe2 Qc4 34. Qf3 f5 35. gxf6 Bxf6 36. Kh1 Qe4 37. Qxe4 Bxe4 38. Rd1 Re7 39. Ra8+ Kf7 40. Rd8 Rb7 41. Rxd6 h6 42. Ra6 Bc2 43. Rf1 Bd3 44. Rfa1 Ke8 45. Ra7 Rd7 46. Rxd7 Kxd7 47. Bc5 e4 48. Ra7+ Kc8 49. d6 Bd8 50. Rxg7 Bc4 51. Be3 Bf6 52. Ra7 Bd5 53. Kg1 Kb8 54. Ra5 Bc6 55. Ra1 h5 56. Rd1 Kc8 57. Kf2 Kd7 58. Bf4 b4 59. cxb4 Bxb2 60. Ke3 Bc3 61. Rb1 Bd5 62. Rxb3 Bxb3 63. Kxe4 Bxb4 64. Kf5 Bd5 65. g4 Be6+ 66. Kg5 hxg4 67. hxg4 Bxg4 1/2-1/2

[Event "FB23 2324 FC Bayern München - SK 1980 G"]
[Site "?"]
[Date "2024.01.20"]
[Round "4.1"]
[White "Groeschel, Karoline"]
[Black "Butenandt, Svenja"]
[Result "0-1"]
[WhiteElo "1869"]
[BlackElo "2219"]
[PlyCount "66"]
[EventDate "2024.??.??"]
[SourceVersion "1"]
[SourceVersionDate "2023.02.20"]
[SourceQuality "1"]

1. e4 c6 2. d4 d5 3. e5 Bf5 4. h4 a6 5. g4 Bd7 6. c4 e6 7. Qb3 c5 8. Bg2 Nc6 9. cxd5 Nxd4 10. Qd1 exd5 11. Nc3 h5 12. Bxd5 Bxg4 13. f3 Bf5 14. Be4 Be7 15. Bf4 Bxh4+ 16. Kf1 g5 17. Be3 Ne7 18. Bxb7 Ra7 19. Be4 Be6 20. Nge2 Rd7 21. Qa4 Nef5 22. Bxf5 Bxf5 23. Nxd4 cxd4 24. Bxd4 Bd3+ 25. Kg2 O-O 26. Bf2 Bc2 27. Qxa6 Rd2 28. Rxh4 gxh4 29. Rg1 Kh7 30. Qa7 Rg8+ 31. Kh1 Rxg1+ 32. Bxg1 Qg8 33. Bf2 h3 0-1

[Event "FB23 2324 FC Bayern München - SK 1980 G"]
[Site "?"]
[Date "2024.01.20"]
[Round "4.2"]
[White "Khrapko, Marharyta"]
[Black "Ries, Jutta"]
[Result "0-1"]
[WhiteElo "2236"]
[BlackElo "2000"]
[PlyCount "106"]
[EventDate "2024.??.??"]
[SourceVersion "1"]
[SourceVersionDate "2023.02.20"]
[SourceQuality "1"]

1. e4 Nf6 2. e5 Nd5 3. d4 d6 4. Nf3 g6 5. Bc4 Nb6 6. Bb3 Bg7 7. Qe2 O-O 8. e6 Bxe6 9. Bxe6 fxe6 10. h4 Qe8 11. h5 Nc6 12. c3 e5 13. Ng5 Rf6 14. dxe5 Nxe5 15. Nd2 h6 16. Nge4 Re6 17. f4 d5 18. fxe5 dxe4 19. Qg4 Rxe5 20. O-O gxh5 21. Qg3 Rg5 22. Qe3 Re5 23. c4 Qg6 24. Qf4 Rf8 25. Qh4 Rxf1+ 26. Nxf1 Nxc4 27. Bf4 Rf5 28. Rc1 Bf6 29. Qh2 Nxb2 30. Ne3 Bd4 31. Kh1 Bxe3 32. Bxe3 Nd3 33. Rb1 e5 34. Qh4 b6 35. Qd8+ Rf8 36. Qxc7 Nf4 37. Bxf4 exf4 38. Qc4+ Rf7 39. Rf1 Qf5 40. Kg1 Qc5+ 41. Qxc5 bxc5 42. Rc1 Rf5 43. Rc4 e3 44. Kf1 h4 45. Ra4 h3 46. gxh3 f3 47. Re4 e2+ 48. Kf2 Kf7 49. a4 a5 50. h4 Kf6 51. Rg4 Re5 52. Rf4+ Ke6 53. Ke1 Rf5 0-1